[Event "Wch U16"]
[Site "Montesilvano"]
[Date "2023.11.21"]
[Round "8"]
[White "Sarabando, Rodrigo Andias"]
[Black "Smeets, Kobe"]
[Result "1/2-1/2"]
[WhiteElo "2021"]
[BlackElo "2266"]
[PlyCount "186"]
[EventDate "2023.11.13"]
[EventType "swiss"]
[EventRounds "11"]
[EventCountry "ITA"]
[SourceTitle "CB48_2023"]
[SourceDate "2023.11.29"]
[SourceVersion "1"]
[SourceVersionDate "2023.11.29"]
[SourceQuality "1"]

1. d4 d5 2. c4 c6 3. Nf3 Nf6 4. Qc2 dxc4 5. e4 b5 6. b3 cxb3 7. axb3 e6 8. Bd3 a5 9. 0-0 Na6 10. Qxc6+ Bd7 11. Qc3 Nb4 12. Na3 Rc8 13. Qd2 Nxd3 14. Qxd3 Bb4 15. Bb2 0-0 16. Nc2 Be7 17. Ne3 Bc6 18. d5 exd5 19. e5 Ne4 20. Nd4 Nc5 21. Qd1 Bb7 22. Nef5 g6 23. e6 f6 24. Nxe7+ Qxe7 25. Rxa5 Nxe6 26. Re1 Qc7 27. Rxb5 Nxd4 28. Qxd4 Qd7 29. Ra5 Rce8 30. Raa1 Re6 31. Rxe6 Qxe6 32. h3 Qe4 33. Ra7 Bc6 34. Rc7 Qe1+ 35. Kh2 Qe6 36. Qc5 Bd7 37. Bd4 Rc8 38. Rxc8+ Bxc8 39. Bxf6 Bd7 40. Bd4 Kf7 41. Qc7 Ke7 42. Qf4 Qf5 43. Bc5+ Kf7 44. Qd6 g5 45. Qf8+ Kg6 46. Qg8+ Kf6 47. Qf8+ Kg6 48. Qd6+ Qe6 49. Qg3 Bb5 50. Be3 h6 51. Bd4 Bd7 52. b4 Qe4 53. Qd6+ Qe6 54. Qc5 Qe4 55. b5 Bxb5 56. Qd6+ Kf7 57. Qf6+ Ke8 58. Be5 Qh7 59. Qe6+ Qe7 60. Qg8+ Qf8 61. Qxd5 Bd7 62. Bd6 Qg7 63. g3 Qh7 64. Kg2 Qg7 65. g4 Qh7 66. Kh2 Qg7 67. Bc5 Kd8 68. Qd6 Ke8 69. Kg2 Bc8 70. Kh2 Bd7 71. Bd4 Qf8 72. Qe5+ Qe7 73. Qh8+ Qf8 74. Qe5+ Qe7 75. Qxe7+ Kxe7 76. Bg7 Kf7 77. Bxh6 Kg6 78. Bf8 Bb5 79. Kg3 Bc6 80. Be7 Bb5 81. Bc5 Bf1 82. Bd4 Kh6 83. Bc3 Kg6 84. Bd2 Kf6 85. Bc3+ Kg6 86. Bd4 Kh6 87. h4 gxh4+ 88. Kxh4 Kg6 89. Kg3 Bb5 90. f4 Bd7 91. Bc3 Bc8 92. Kf3 Bd7 93. Bb2 Bc8 1/2-1/2

[Event "Wch U16"]
[Site "Montesilvano"]
[Date "2023.11.15"]
[Round "3"]
[White "Zhakshylykov, Erzhan"]
[Black "Sarabando, Rodrigo Andias"]
[Result "1-0"]
[WhiteElo "2232"]
[BlackElo "2021"]
[PlyCount "53"]
[EventDate "2023.11.13"]
[EventType "swiss"]
[EventRounds "11"]
[EventCountry "ITA"]
[SourceTitle "CB48_2023"]
[SourceDate "2023.11.29"]
[SourceVersion "1"]
[SourceVersionDate "2023.11.29"]
[SourceQuality "1"]

1. d4 Nf6 2. c4 e6 3. Nc3 Bb4 4. Qc2 Nc6 5. Nf3 d6 6. e3 0-0 7. Be2 Qe7 8. 0-0 Bxc3 9. bxc3 e5 10. Ba3 Bg4 11. c5 e4 12. cxd6 cxd6 13. Ng5 Bxe2 14. Qxe2 Rfc8 15. c4 a6 16. Nh3 b5 17. Rac1 b4 18. Bb2 h6 19. Nf4 Qd7 20. Nh5 Ne8 21. f3 d5 22. fxe4 dxe4 23. d5 Na5 24. Bxg7 Kh7 25. Bd4 Rab8 26. Nf6+ Nxf6 27. Rxf6 1-0

[Event "Maia op 7th"]
[Site "Maia"]
[Date "2023.08.25"]
[Round "1"]
[White "Mikhalevski, Victor"]
[Black "Sarabando, Rodrigo Andias"]
[Result "1/2-1/2"]
[WhiteElo "2513"]
[BlackElo "2097"]
[PlyCount "102"]
[EventDate "2023.08.25"]
[EventType "swiss"]
[EventRounds "9"]
[EventCountry "POR"]
[SourceTitle "EXT 2024"]
[Source "ChessBase"]
[SourceDate "2023.10.10"]
[SourceVersion "1"]
[SourceVersionDate "2023.10.10"]
[SourceQuality "1"]

1. Nf3 Nf6 2. g3 g6 3. b3 Bg7 4. Bb2 d6 5. d4 c5 6. Bg2 Qa5+ 7. Bc3 Qc7 8. dxc5 Qxc5 9. 0-0 0-0 10. Bb2 d5 11. Nbd2 Nc6 12. c4 dxc4 13. Nxc4 Rd8 14. Qc1 Be6 15. Nce5 Qxc1 16. Raxc1 Bd5 17. Nd3 Nd7 18. Bxg7 Kxg7 19. Rfd1 Rac8 20. Nf4 Bxf3 21. Bxf3 Nde5 22. Bg2 Rxd1+ 23. Rxd1 Rd8 24. Rxd8 Nxd8 25. Nd5 e6 26. Nc3 Kf8 27. f4 Nec6 28. g4 h6 29. Kf2 Ke7 30. h4 f5 31. gxf5 gxf5 32. e4 fxe4 33. Ke3 Nf7 34. Nxe4 Nb4 35. Nc3 Nd6 36. Be4 Kf6 37. h5 Nxe4 38. Nxe4+ Kf5 39. Kf3 Nxa2 40. Nd6+ Kf6 41. Nxb7 Nc3 42. Nd6 Nd5 43. Ke4 Nc3+ 44. Ke3 Nd5+ 45. Kf3 Ne7 46. Ke4 Nc6 47. Nc4 a6 48. Nb6 Ke7 49. Nc4 Kf6 50. Nd6 Na5 51. b4 Nc6 1/2-1/2

[Event "Pontevedra op 11th"]
[Site "Pontevedra"]
[Date "2023.07.24"]
[Round "1"]
[White "Sarabando, Rodrigo Andias"]
[Black "Martinez Ramirez, Lennis"]
[Result "0-1"]
[WhiteElo "2091"]
[BlackElo "2426"]
[PlyCount "68"]
[EventDate "2023.07.24"]
[EventType "swiss"]
[EventRounds "9"]
[EventCountry "ESP"]
[SourceTitle "CBM 215 Extra"]
[Source "ChessBase"]
[SourceDate "2023.09.30"]
[SourceVersion "1"]
[SourceVersionDate "2023.09.30"]
[SourceQuality "1"]

1. d4 Nf6 2. c4 e6 3. g3 c5 4. d5 exd5 5. cxd5 d6 6. Nc3 g6 7. Bg2 Bg7 8. Nf3 0-0 9. 0-0 Re8 10. Nd2 Nbd7 11. a4 a6 12. e4 Rb8 13. a5 b5 14. axb6 Nxb6 15. f4 Ng4 16. Nf3 f5 17. e5 dxe5 18. h3 e4 19. hxg4 exf3 20. Bxf3 fxg4 21. Bxg4 Bd4+ 22. Kh2 Nxd5 23. Bxc8 Rxc8 24. Qf3 Ne3 25. Bxe3 Rxe3 26. Qg4 Rc6 27. Rfe1 h5 28. Qh3 Qe8 29. Qf1 Rb6 30. Rxe3 Qxe3 31. Na4 Rb3 32. Qg2 h4 33. Rg1 Qxg1+ 34. Qxg1 Bxg1+ 0-1

[Event "San Sebastian op 43rd"]
[Site "San Sebastian"]
[Date "2023.04.05"]
[Round "6"]
[White "Sarabando, Rodrigo Andias"]
[Black "Del Rey, Diego"]
[Result "1-0"]
[WhiteElo "2115"]
[BlackElo "2340"]
[PlyCount "145"]
[EventDate "2023.04.01"]
[EventType "swiss"]
[EventRounds "9"]
[EventCountry "ESP"]
[SourceTitle "CBM 213 Extra"]
[Source "ChessBase"]
[SourceDate "2023.05.31"]
[SourceVersion "1"]
[SourceVersionDate "2023.05.31"]
[SourceQuality "1"]

1. d4 d5 2. c4 e6 3. Nf3 Nf6 4. g3 Be7 5. Bg2 0-0 6. 0-0 dxc4 7. Ne5 Qd6 8. Na3 Qa6 9. Naxc4 Rd8 10. Qc2 Bd7 11. Rd1 Be8 12. b3 Nc6 13. Nxc6 Bxc6 14. e4 Rac8 15. Be3 Be8 16. Ne5 Nd7 17. Nd3 b6 18. b4 Nf6 19. a4 Ng4 20. b5 Nxe3 21. fxe3 Qa5 22. e5 a6 23. Rdb1 c6 24. bxc6 Rc7 25. Rc1 Rdc8 26. Qc3 Bxc6 27. Qxa5 bxa5 28. Rxc6 Rxc6 29. Bxc6 Rxc6 30. Rc1 Rxc1+ 31. Nxc1 Kf8 32. Kf2 Ke8 33. Nb3 Bb4 34. Ke2 h5 35. h3 Kd7 36. g4 hxg4 37. hxg4 Kc6 38. Kd3 Kb6 39. Kc4 Be1 40. Nc5 Bf2 41. Kd3 Bh4 42. Ne4 Be7 43. Nd2 Kc6 44. Nc4 Bb4 45. Ke4 Kc7 46. Kd3 Kc6 47. Nd2 Be7 48. Ne4 Kd5 49. Ng3 Kc6 50. Nh5 g6 51. Ng3 f5 52. exf6 Bxf6 53. Kc4 Bg5 54. e4 e5 55. d5+ Kd6 56. Ne2 Be3 57. Nc3 Bd4 58. Na2 Bb2 59. Kb3 Bd4 60. Nc1 Be3 61. Nd3 Bd4 62. Kc4 Bb6 63. Ne1 Bd8 64. Nf3 Be7 65. g5 Bd8 66. Nh4 Bxg5 67. Nxg6 Bf6 68. Nf8 Bh4 69. Ne6 Bf2 70. Kd3 Bb6 71. Kc4 Bf2 72. Nd8 Bb6 73. Nf7+ 1-0

[Event "Portuguese Masters"]
[Site "Lisbon"]
[Date "2022.12.23"]
[Round "9"]
[White "Margarido, Jose Miguel Teixeir"]
[Black "Sarabando, Rodrigo Andias"]
[Result "1-0"]
[WhiteElo "2124"]
[BlackElo "2138"]
[PlyCount "107"]
[EventDate "2022.12.16"]
[EventType "tourn"]
[EventRounds "9"]
[EventCountry "POR"]
[SourceTitle "CBM 211 Extra"]
[Source "ChessBase"]
[SourceDate "2023.01.31"]
[SourceVersion "1"]
[SourceVersionDate "2023.01.31"]
[SourceQuality "1"]

1. c4 g6 2. g3 Bg7 3. Bg2 e5 4. Nc3 Ne7 5. e4 0-0 6. Nge2 Nbc6 7. 0-0 d6 8. d3 Bg4 9. h3 Be6 10. Nd5 Nd4 11. Nxd4 exd4 12. Nxe7+ Qxe7 13. f4 Bd7 14. Bd2 Rae8 15. a4 f5 16. Kh2 Bc6 17. Re1 Qf7 18. exf5 Bxg2 19. Kxg2 Qxf5 20. Qf3 b6 21. b4 Qd7 22. b5 d5 23. Qxd5+ Qxd5+ 24. cxd5 Rd8 25. Re7 Rf7 26. Rxf7 Kxf7 27. Rc1 Rd7 28. Bb4 Bf8 29. Bd2 Bg7 30. Bb4 Bf8 31. Bxf8 Kxf8 32. Rc6 Kf7 33. Kf3 Re7 34. Re6 Rd7 35. Ke4 Rd8 36. Kxd4 Rd7 37. g4 Rd8 38. h4 Rd7 39. f5 Rd8 40. f6 h6 41. Ke5 Rd7 42. g5 hxg5 43. hxg5 Kf8 44. d4 Kf7 45. d6 cxd6+ 46. Rxd6 Rc7 47. Rc6 Rd7 48. d5 Rd8 49. Rc7+ Kf8 50. d6 Re8+ 51. Re7 Rc8 52. d7 Rc5+ 53. Kd6 Rxg5 54. d8Q# 1-0

[Event "Portuguese Masters"]
[Site "Lisbon"]
[Date "2022.12.18"]
[Round "4"]
[White "Sarabando, Rodrigo Andias"]
[Black "Ferreira, Luis Pedro Oliveira"]
[Result "0-1"]
[WhiteElo "2138"]
[BlackElo "2199"]
[PlyCount "222"]
[EventDate "2022.12.16"]
[EventType "tourn"]
[EventRounds "9"]
[EventCountry "POR"]
[SourceTitle "CBM 211 Extra"]
[Source "ChessBase"]
[SourceDate "2023.01.31"]
[SourceVersion "1"]
[SourceVersionDate "2023.01.31"]
[SourceQuality "1"]

1. d4 Nf6 2. g3 c6 3. Bg2 d6 4. e4 e5 5. dxe5 dxe5 6. Qxd8+ Kxd8 7. Nf3 Nbd7 8. Ng5 Ke8 9. Nd2 Bc5 10. c3 a5 11. a4 Ke7 12. Nc4 h6 13. Nh3 Ne8 14. f3 Nd6 15. Nxd6 Kxd6 16. Bf1 Bb6 17. Nf2 Nc5 18. Bc4 Be6 19. Bxe6 Kxe6 20. Ke2 Nb3 21. Ra3 Nxc1+ 22. Rxc1 Rhd8 23. Nd3 Rd7 24. Rd1 Rad8 25. Raa1 h5 26. h3 f6 27. b3 Ra8 28. Nb2 Rxd1 29. Rxd1 Bc5 30. Ra1 Ra6 31. Nc4 Ra8 32. Nb2 Bd6 33. Nc4 Bc7 34. Ne3 Rb8 35. Kd3 Rd8+ 36. Ke2 g6 37. Nc4 Rb8 38. Kd3 f5 39. Ne3 Rd8+ 40. Ke2 Rd7 41. Ra2 Rg7 42. Ra1 f4 43. gxf4 exf4 44. Nc2 Be5 45. Nd4+ Kf6 46. Rb1 Rd7 47. b4 Bxd4 48. cxd4 Rxd4 49. bxa5 Rxa4 50. Rxb7 Rxa5 51. Rc7 Rc5 52. Kd3 Kg5 53. Kd4 Rc1 54. Ke5 Rc3 55. h4+ Kxh4 56. Kxf4 g5+ 57. Kf5 Rxf3+ 58. Kg6 g4 59. Rh7 g3 60. Rxh5+ Kg4 61. Rg5+ Kf4 62. e5 Re3 63. Kf6 c5 64. Rf5+ Kg4 65. e6 g2 66. Rg5+ Kf3 67. e7 Kf2 68. Rf5+ Ke2 69. Rg5 Kf2 70. Rf5+ Rf3 71. Rxf3+ Kxf3 72. e8Q g1Q 73. Qc6+ Ke2 74. Qe4+ Qe3 75. Qc2+ Kf3 76. Qd1+ Ke4 77. Qh1+ Kd3 78. Qf1+ Kc2 79. Qf5+ Kb2 80. Qh5 Qd4+ 81. Ke6 c4 82. Qb5+ Kc1 83. Qg5+ Kc2 84. Qg2+ Kd3 85. Qf1+ Kd2 86. Qg2+ Kc3 87. Qg3+ Qd3 88. Qe1+ Kb3 89. Qa5 c3 90. Qb6+ Kc2 91. Qf2+ Qd2 92. Qf5+ Kd1 93. Qb1+ Ke2 94. Qb5+ Qd3 95. Qh5+ Kd2 96. Qa5 Qe4+ 97. Kf6 Qd4+ 98. Kg6 Ke3 99. Qg5+ Kd3 100. Qg3+ Kc4 101. Qc7+ Kb5 102. Kh7 Qe4+ 103. Kh8 c2 104. Qd7+ Kc4 105. Qa4+ Kd3 106. Qa3+ Kd2 107. Qa5+ Kd1 108. Qd8+ Ke2 109. Qg5 Qd4+ 110. Kh7 Qd3+ 111. Kh6 Qe3 0-1

[Event "Pontevedra op-A 10th"]
[Site "Pontevedra"]
[Date "2022.07.28"]
[Round "7"]
[White "Bringas Gomez, Artai"]
[Black "Sarabando, Rodrigo Andias"]
[Result "1/2-1/2"]
[WhiteElo "2203"]
[BlackElo "1915"]
[PlyCount "50"]
[EventDate "2022.07.24"]
[EventType "swiss"]
[EventRounds "9"]
[EventCountry "ESP"]
[SourceTitle "EXT 2023"]
[Source "ChessBase"]
[SourceDate "2022.10.05"]
[SourceVersion "1"]
[SourceVersionDate "2022.10.05"]
[SourceQuality "1"]

1. d4 Nf6 2. c4 g6 3. g3 Bg7 4. Bg2 0-0 5. Nc3 d6 6. Nf3 Nc6 7. 0-0 e5 8. dxe5 Nxe5 9. Nxe5 dxe5 10. Qxd8 Rxd8 11. Bg5 Rd7 12. Bh3 Rd4 13. Bxc8 Rxc8 14. b3 h6 15. Be3 Rd7 16. Rad1 Rxd1 17. Rxd1 b6 18. Nd5 Nxd5 19. Rxd5 Kf8 20. f4 exf4 21. Bxf4 Ke7 22. Kf2 c6 23. Rd3 Rd8 24. g4 Rxd3 25. exd3 Ke6 1/2-1/2

[Event "Queima das Fitas op"]
[Site "Coimbra"]
[Date "2022.04.25"]
[Round "6"]
[White "Sarabando, Rodrigo Andias"]
[Black "Bastiao, Tomas"]
[Result "1-0"]
[WhiteElo "1971"]
[BlackElo "1707"]
[PlyCount "77"]
[EventDate "2022.04.23"]
[EventType "swiss"]
[EventRounds "7"]
[EventCountry "POR"]
[SourceTitle "EXT 2023"]
[Source "ChessBase"]
[SourceDate "2022.10.05"]
[SourceVersion "1"]
[SourceVersionDate "2022.10.05"]
[SourceQuality "1"]

1. d4 Nf6 2. c4 g6 3. Nc3 Bg7 4. e4 d6 5. Nf3 0-0 6. Be2 Nbd7 7. 0-0 e5 8. Be3 exd4 9. Nxd4 Ne5 10. f3 a6 11. Qd2 Bd7 12. Rad1 Nc6 13. Nxc6 Bxc6 14. b4 Re8 15. b5 axb5 16. cxb5 Bd7 17. Bc4 Be6 18. Bxe6 Rxe6 19. Bg5 Qe8 20. Rc1 Rc8 21. Rfd1 Nd7 22. Nd5 Nc5 23. b6 cxb6 24. Nxb6 Rc6 25. Nd5 f6 26. Bh6 Qb8 27. Bxg7 Kxg7 28. Qd4 Qa7 29. Nf4 Re5 30. Nd3 Re6 31. Rb1 b6 32. Nf4 Re5 33. Nd5 Ne6 34. Qf2 Nc5 35. Nb4 Rc7 36. Rxd6 Qa3 37. Qd2 b5 38. Re1 Na6 39. Nxa6 1-0

[Event "POR-ch U14/20"]
[Site "Fatima"]
[Date "2022.04.11"]
[Round "3"]
[White "Ribeiro, Gustavo"]
[Black "Sarabando, Rodrigo Andias"]
[Result "1-0"]
[WhiteElo "1860"]
[BlackElo "1897"]
[PlyCount "69"]
[EventDate "2022.04.10"]
[EventType "swiss"]
[EventRounds "9"]
[EventCountry "POR"]
[SourceTitle "EXT 2023"]
[Source "ChessBase"]
[SourceDate "2022.10.05"]
[SourceVersion "1"]
[SourceVersionDate "2022.10.05"]
[SourceQuality "1"]

1. c4 Nf6 2. Nc3 g6 3. e4 d6 4. g3 Bg7 5. Bg2 0-0 6. Nge2 Nc6 7. 0-0 e5 8. d3 Nd7 9. f4 f5 10. Rb1 Nf6 11. fxe5 dxe5 12. Nd5 Nxd5 13. cxd5 Nd4 14. Nxd4 exd4 15. Qc2 Bd7 16. Bf4 c6 17. Qb3 Kh8 18. Qxb7 cxd5 19. Qxd5 Re8 20. exf5 Rc8 21. fxg6 hxg6 22. Bg5 Qc7 23. Rbc1 Qe5 24. Qxd7 Rxc1 25. Bxc1 Re7 26. Qh3+ Kg8 27. Be4 Qd6 28. Bh6 Rc7 29. Bf4 Be5 30. Bxe5 Qxe5 31. Qg4 Rg7 32. Qc8+ Kh7 33. Rf8 Rc7 34. Qh3+ Kg7 35. Qh8# 1-0

[Event "POR-ch U14/20"]
[Site "Fatima"]
[Date "2022.04.11"]
[Round "2"]
[White "Sarabando, Rodrigo Andias"]
[Black "Marques Serra, David"]
[Result "1-0"]
[WhiteElo "1897"]
[BlackElo "1734"]
[PlyCount "113"]
[EventDate "2022.04.10"]
[EventType "swiss"]
[EventRounds "9"]
[EventCountry "POR"]
[SourceTitle "EXT 2023"]
[Source "ChessBase"]
[SourceDate "2022.10.05"]
[SourceVersion "1"]
[SourceVersionDate "2022.10.05"]
[SourceQuality "1"]

1. d4 Nf6 2. c4 g6 3. Nc3 d5 4. Qb3 c6 5. cxd5 cxd5 6. Bg5 e6 7. Nf3 Bg7 8. e3 0-0 9. h3 Nc6 10. Bd3 b6 11. Rc1 Bb7 12. 0-0 Na5 13. Qc2 Rc8 14. Rfd1 Nc6 15. a3 a6 16. Qe2 b5 17. b4 Qd6 18. Bf4 Qe7 19. Ne5 Nxe5 20. Bxe5 Nd7 21. Bxg7 Kxg7 22. Qb2 Nb6 23. a4 bxa4 24. Ra1 Qd7 25. Qa3 Nc4 26. Bxc4 Rxc4 27. Nxa4 Qb5 28. Rab1 Ra8 29. Nc5 Bc8 30. Qa5 Rb8 31. Qxb5 Rxb5 32. Nd3 Rb6 33. Rb2 Bd7 34. Rdb1 f6 35. Nc5 Bb5 36. Rd1 Kf7 37. f4 Bc6 38. Ra1 Bb5 39. Kf2 h5 40. g4 hxg4 41. hxg4 Kg7 42. g5 f5 43. Rh1 Be8 44. Kf3 Rd6 45. Rbh2 Bf7 46. Nd3 Rc8 47. Ne5 Bg8 48. Rh6 Rc7 49. Rxg6+ Kf8 50. Rh8 Rg7 51. Rf6+ Ke7 52. Rh1 Bf7 53. Rc1 Bh5+ 54. Kf2 Be8 55. Rc7+ Bd7 56. Ra7 Rh7 57. Ng6+ 1-0

[Event "Maia op 5th"]
[Site "Maia"]
[Date "2021.08.31"]
[Round "2"]
[White "Almeida, Joao Pedro Dias"]
[Black "Sarabando, Rodrigo Andias"]
[Result "0-1"]
[WhiteElo "1271"]
[BlackElo "1753"]
[PlyCount "72"]
[EventDate "2021.08.30"]
[EventType "swiss"]
[EventRounds "7"]
[EventCountry "POR"]
[SourceTitle "CBM 204 Extra"]
[Source "ChessBase"]
[SourceDate "2021.11.30"]
[SourceVersion "1"]
[SourceVersionDate "2021.11.30"]
[SourceQuality "1"]

1. b4 e5 2. a3 Nf6 3. Bb2 d6 4. d3 g6 5. e4 Bg7 6. Nd2 a5 7. Ngf3 0-0 8. Be2 Nh5 9. g3 f5 10. Nh4 Nf6 11. 0-0 f4 12. Ndf3 Bh6 13. Ng2 g5 14. Nfe1 Nc6 15. b5 Ne7 16. g4 Qd7 17. d4 Nxg4 18. f3 Ne3 19. Nxe3 fxe3 20. dxe5 Bg7 21. Bc4+ Kh8 22. e6 Qe8 23. Bxg7+ Kxg7 24. Qd4+ Kh6 25. Qxe3 Ng6 26. Ng2 Bxe6 27. Bxe6 Qxe6 28. f4 Nxf4 29. Nxf4 gxf4 30. Rxf4 Rxf4 31. Qxf4+ Kg7 32. Rf1 Re8 33. Qg3+ Qg6 34. Qxg6+ Kxg6 35. Rf4 Re5 36. a4 Rc5 0-1

[Event "Famalicao op 8th"]
[Site "Vila Nova de Famalicao"]
[Date "2021.07.27"]
[Round "4"]
[White "Santos, Jose Guilherme B Li"]
[Black "Sarabando, Rodrigo Andias"]
[Result "1-0"]
[WhiteElo "2309"]
[BlackElo "1819"]
[PlyCount "97"]
[EventDate "2021.07.26"]
[EventType "swiss"]
[EventRounds "9"]
[EventCountry "POR"]
[SourceTitle "CBM 203 Extra"]
[Source "ChessBase"]
[SourceDate "2021.09.30"]
[SourceVersion "1"]
[SourceVersionDate "2021.09.30"]
[SourceQuality "1"]

1. d4 Nf6 2. c4 g6 3. Nc3 Bg7 4. e4 d6 5. Be2 0-0 6. Nf3 e5 7. 0-0 Nc6 8. d5 Ne7 9. b4 Nd7 10. a4 a5 11. Ba3 f5 12. Nd2 axb4 13. Bxb4 Nf6 14. c5 fxe4 15. Ndxe4 Nxe4 16. Nxe4 dxc5 17. Bxc5 Rf4 18. d6 Nc6 19. dxc7 Qxc7 20. g3 Rxe4 21. Qd5+ Be6 22. Qxe4 Na5 23. Be3 Nb3 24. Rad1 Kh8 25. Bf3 Rb8 26. Bg4 Bxg4 27. Qxg4 Nd4 28. Bxd4 exd4 29. Rb1 Qf7 30. Qe4 h5 31. a5 Qc7 32. Rb5 Qd6 33. Rxb7 Rxb7 34. Qxb7 d3 35. a6 d2 36. a7 d1Q 37. a8Q+ Kh7 38. Rxd1 Qxd1+ 39. Kg2 h4 40. Qf3 Qd4 41. Qae4 h3+ 42. Kxh3 Qd7+ 43. Kg2 Qb5 44. Qh4+ Kg8 45. Qa8+ Bf8 46. Qf4 Qc5 47. Qb7 Be7 48. Qfe4 Kf7 49. Qbd5+ 1-0

[Event "Portuguese Honra"]
[Site "Fatima"]
[Date "2021.04.11"]
[Round "8"]
[White "Pina, Tiago Miguel Catala"]
[Black "Sarabando, Rodrigo Andias"]
[Result "1-0"]
[WhiteElo "1843"]
[BlackElo "1682"]
[PlyCount "39"]
[EventDate "2021.04.06"]
[EventType "tourn"]
[EventRounds "9"]
[EventCountry "POR"]
[SourceTitle "CBM 201 Extra"]
[Source "ChessBase"]
[SourceDate "2021.05.31"]
[SourceVersion "1"]
[SourceVersionDate "2021.05.31"]
[SourceQuality "1"]

1. d4 Nf6 2. c4 g6 3. Nc3 Bg7 4. e4 d6 5. f3 0-0 6. Nge2 e5 7. Bg5 c6 8. Qd2 Re8 9. d5 c5 10. g4 Nbd7 11. Ng3 a6 12. a4 Rb8 13. Be2 Nf8 14. h4 Bd7 15. h5 Qa5 16. h6 Bh8 17. Kf2 Ra8 18. Qc1 Reb8 19. Nf5 Qc7 20. Ne7# 1-0

[Event "Portuguese Honra"]
[Site "Fatima"]
[Date "2021.04.10"]
[Round "6"]
[White "Morais, Vitor Mestre"]
[Black "Sarabando, Rodrigo Andias"]
[Result "0-1"]
[WhiteElo "1904"]
[BlackElo "1682"]
[PlyCount "82"]
[EventDate "2021.04.06"]
[EventType "tourn"]
[EventRounds "9"]
[EventCountry "POR"]
[SourceTitle "CBM 201 Extra"]
[Source "ChessBase"]
[SourceDate "2021.05.31"]
[SourceVersion "1"]
[SourceVersionDate "2021.05.31"]
[SourceQuality "1"]

1. Nf3 Nf6 2. c4 g6 3. Nc3 Bg7 4. g3 0-0 5. Bg2 d6 6. 0-0 e5 7. d3 Nc6 8. Rb1 Nh5 9. b4 f5 10. Bg5 Bf6 11. Bxf6 Nxf6 12. e3 Kg7 13. b5 Ne7 14. a4 a5 15. Nd2 Rb8 16. f4 b6 17. Qe2 Nd7 18. Rbe1 Bb7 19. Nd5 Nc5 20. d4 Nxd5 21. cxd5 exd4 22. exd4 Nd7 23. Qc4 Nf6 24. Re6 Qd7 25. Rfe1 Rfe8 26. h3 Kf7 27. Nf3 h6 28. Nh4 Rbc8 29. Kf2 Ne4+ 30. Bxe4 fxe4 31. R1xe4 Bxd5 32. Qxd5 Rxe6 33. Nxg6 Kf6 34. f5 Rxe4 35. Qxe4 Re8 36. Qh4+ Kg7 37. Qg4 Kh7 38. Nh4 Qf7 39. Qd1 Qa2+ 40. Kg1 Re3 41. Nf3 Rb3 0-1

[Event "Pombal op 11th"]
[Site "Pombal"]
[Date "2020.10.05"]
[Round "6"]
[White "Santos, Antonio Pereira"]
[Black "Sarabando, Rodrigo Andias"]
[Result "1-0"]
[WhiteElo "2123"]
[BlackElo "1648"]
[PlyCount "51"]
[EventDate "2020.10.02"]
[EventType "swiss"]
[EventRounds "7"]
[EventCountry "POR"]
[SourceTitle "CBM 198 Extra"]
[Source "ChessBase"]
[SourceDate "2020.11.30"]
[SourceVersion "1"]
[SourceVersionDate "2020.11.30"]
[SourceQuality "1"]

1. d4 Nf6 2. c4 g6 3. Nc3 Bg7 4. e4 d6 5. Be2 0-0 6. Bg5 c6 7. Qd2 e5 8. d5 Qc7 9. Nf3 Re8 10. 0-0 a5 11. Rfd1 c5 12. Ne1 Bd7 13. Nd3 Na6 14. Rf1 Rab8 15. f4 Qd8 16. fxe5 dxe5 17. Rf2 h6 18. Bxh6 Bxh6 19. Qxh6 Ng4 20. Bxg4 Bxg4 21. Rxf7 Kxf7 22. Rf1+ Bf5 23. exf5 g5 24. Qh7+ Kf8 25. f6 Qc7 26. Qh8+ 1-0

[Event "Pombal op 11th"]
[Site "Pombal"]
[Date "2020.10.03"]
[Round "2"]
[White "Sarabando, Rodrigo Andias"]
[Black "Morais, Vitor Mestre"]
[Result "1-0"]
[WhiteElo "1648"]
[BlackElo "1949"]
[PlyCount "109"]
[EventDate "2020.10.02"]
[EventType "swiss"]
[EventRounds "7"]
[EventCountry "POR"]
[SourceTitle "CBM 198 Extra"]
[Source "ChessBase"]
[SourceDate "2020.11.30"]
[SourceVersion "1"]
[SourceVersionDate "2020.11.30"]
[SourceQuality "1"]

1. d4 Nf6 2. Nf3 g6 3. c4 Bg7 4. Nc3 0-0 5. e4 d6 6. Be2 Nc6 7. 0-0 e5 8. d5 Ne7 9. b4 h6 10. Nd2 Nh7 11. c5 f5 12. f3 f4 13. Nc4 Kh8 14. a4 a6 15. Ba3 g5 16. Rc1 Rf6 17. b5 Ng6 18. Qb3 Bf8 19. cxd6 Bxd6 20. Nxd6 cxd6 21. b6 Bd7 22. Na2 Rc8 23. Rxc8 Bxc8 24. Rc1 h5 25. Rc7 g4 26. Qc2 Rf8 27. a5 gxf3 28. Bxf3 Nh4 29. Bxd6 Nxf3+ 30. gxf3 Rg8+ 31. Kh1 Qxd6 32. Rxc8 Nf8 33. Qc7 Qf6 34. Qc1 Qg5 35. Qf1 h4 36. Nb4 Qe7 37. Nc2 Ng6 38. Rxg8+ Kxg8 39. Qc4 Kf8 40. Kg1 Qd7 41. Qc7 Ke7 42. Qxd7+ Kxd7 43. Kg2 Kd6 44. Nb4 Kc5 45. Nxa6+ Kb5 46. d6 Nf8 47. Nc7+ Kxa5 48. Nd5 Nd7 49. Kh3 Kb5 50. Kxh4 Kc6 51. Kg5 Kxd6 52. Kf5 Kc6 53. h4 Nxb6 54. Nxb6 Kxb6 55. h5 1-0

[Event "Guimaraes 2nd"]
[Site "Guimaraes"]
[Date "2018.10.04"]
[Round "1"]
[White "Campora, Daniel Hugo"]
[Black "Sarabando, Rodrigo Andias"]
[Result "1-0"]
[WhiteElo "2413"]
[BlackElo "1462"]
[PlyCount "47"]
[EventDate "2018.10.04"]
[EventType "swiss"]
[EventRounds "7"]
[EventCountry "POR"]
[SourceTitle "CBM 186 Extra"]
[Source "ChessBase"]
[SourceDate "2018.08.24"]
[SourceVersion "1"]
[SourceVersionDate "2018.08.24"]
[SourceQuality "1"]

1. e4 c5 2. f4 e6 3. Nf3 Be7 4. d3 Nf6 5. c4 d6 6. g3 Qc7 7. Bg2 Nc6 8. 0-0 0-0 9. Nc3 a6 10. Kh1 Bd7 11. h3 h5 12. Be3 Rab8 13. a4 Rfe8 14. Qd2 Na5 15. Rae1 b5 16. axb5 axb5 17. e5 Nh7 18. exd6 Bxd6 19. Ne4 b4 20. f5 e5 21. Nfg5 Nxg5 22. Bxg5 Bc6 23. f6 g6 24. Bh6 1-0

[Event "Pontevedra op-B 6th"]
[Site "Pontevedra"]
[Date "2018.08.14"]
[Round "9"]
[White "Sarabando, Rodrigo Andias"]
[Black "Dieguez Novoa, Benjamin"]
[Result "1-0"]
[WhiteElo "1371"]
[BlackElo "1185"]
[PlyCount "89"]
[EventDate "2018.08.08"]
[EventType "swiss"]
[EventRounds "9"]
[EventCountry "ESP"]
[SourceTitle "CBM 186 Extra"]
[Source "ChessBase"]
[SourceDate "2018.08.24"]
[SourceVersion "1"]
[SourceVersionDate "2018.08.24"]
[SourceQuality "1"]

1. d4 d5 2. c4 c6 3. Nc3 Nf6 4. Nf3 e6 5. Bf4 Be7 6. e3 Nh5 7. Bg3 Nxg3 8. hxg3 Nd7 9. Qc2 Qc7 10. Rxh7 Rg8 11. Rc1 Nf6 12. Rh1 Bd7 13. cxd5 exd5 14. a3 g6 15. Bd3 Be6 16. b4 a6 17. Na4 Nd7 18. Nc5 Nxc5 19. dxc5 a5 20. Nd4 Bd7 21. Nb3 axb4 22. axb4 b6 23. Rh7 bxc5 24. bxc5 Qe5 25. Qc3 Qf6 26. Qxf6 Bxf6 27. Nd2 d4 28. Ne4 Bg7 29. exd4 Bxd4 30. Nd6+ Kd8 31. Nxf7+ Kc7 32. Nd6 Ra2 33. Rf7 Ra3 34. Be2 Bc3+ 35. Kf1 Bd4 36. Bg4 Rg7 37. Ne8+ Kd8 38. Nxg7 Bxg4 39. f3 Bc8 40. Rd1 Ba6+ 41. Ke1 Re3+ 42. Kd2 Rd3+ 43. Kc2 Rc3+ 44. Kb2 Rxf3+ 45. Rxd4+ 1-0